000 01053nam a2200229Ii 4500
003 JO-AjNU
008 230605s9999||||xx |||||||||||||| ||und||
017 _a9480
020 _a977-5065-52-6
040 _aJO-AjNU
_bara
_erda
_cJO-AjNU
041 _aara
050 1 4 _aKBP4043.M847.2013
100 3 _a محس ، عبد العزيز محمد ,
_eauthor
_944191
245 0 0 _aالحماية الجنائية للعرض في الشريعة الاسلامية والقانون الوضعي " دراسة مقارنة "
250 _aط1
264 3 1 _aالاسكندرية : مكتبة الوفاء القانونية ،2013
300 _a467ص
_bيشتمل على قائمة المراجع الببلوغرافية ص ( 447 - 463 )
336 _atext
_btxt
_2rdacontent
337 _aunmediated
_bn
_2rdamedia
338 _avolume
_bnc
_2rdacarrier
650 4 _aهتك العرض -- الزنا (فقه إسلامي) -- هتك العرض -- قوانين و تشريعات -- مصر -- الزنا -- قوانين و تشريعات -- مصر --
_944192
999 _aA19060
_c22628
_d22628